Religion Quiz

Random Religion or Book Quiz

Book of Judges Quiz Stats

 Plays Quiz Updated Jan 10, 2012

Score 0/12 Timer 03:00
2 Plays Today
% Correct
Samson
79.7%
Deborah
74.8%
Gideon
60%
Ehud
42.4%
Othniel
29.4%
Jephthah
25.1%
Shamgar
24.7%
Jair
23.8%
Tola
21.4%
Abdon
19.3%
Ibzan
18.3%
Elon
17.9%

You're not logged in!

Compare scores with friends on all Sporcle quizzes.
OR
Log In

Sporcle TV

Today on Sporcle TV


Watch our educational content, quiz creation guides, and fun videos on Sporcle TV.

Show Comments

Extras

Top Quizzes Today


Score Distribution

Your Account Isn't Verified!

In order to create a playlist on Sporcle, you need to verify the email address you used during registration. Go to your Sporcle Settings to finish the process.

Report this User

Report this user for behavior that violates our Community Guidelines.

Details: